=LDR 00000nam 2200000 4500 =001 INLIS000000000058831 =005 20211013072437 =035 ##$$a 0010-1021000279 =007 ta =008 211013###########################0#ind## =020 ##$$a 979-15618-0-x =082 ##$$a 353.93 =084 ##$$a 353.93 Ind u =245 ##$$a Profil Direktorat Jenderal Bantuan dan Jaminan Sosial (Untukmu Kami Hadir) /$c Ditjen Bantuan dan Jaminan Sosial RI =300 ##$$a 244 halaman : $b Ilustrasi ; $c 28 cm =650 #4$$a Indonesia-Dirjern Bantuan dan Jaminan Sosial =264 ##$$a jakarta :$b Sekretariat Jenderal Bantuan dan Jaminan Sosial,$c 2006 =336 ##$$a teks$2 rdacontent =337 ##$$a lain-lain$2 rdamedia =338 ##$$a lain-lain$2 rdacarrier =990 ##$$a 18291829 =990 ##$$a 18291829